Normal view
MARC view
- Malaysia.
Entry Corporate Name
001 - CONTROL NUMBER
- control field: 8446
003 - CONTROL NUMBER IDENTIFIER
- control field: OSt
005 - DATE AND TIME OF LATEST TRANSACTION
- control field: 20170529091256.0
008 - FIXED-LENGTH DATA ELEMENTS
- fixed length control field: 170529|| aca||aabn | a|a d
040 ## - CATALOGING SOURCE
- Original cataloging agency: OSt
- Transcribing agency: OSt
110 ## - HEADING--CORPORATE NAME
- Corporate name or jurisdiction name as entry element: Malaysia.
- Title of a work: Akta Bekalan Elektrik (Syarikat Pengganti) 1990 (Akta 448)
670 ## - SOURCE DATA FOUND
- Source citation: Work cat.: (OSt)0: Malaysia 400, Akta Bekalan Elektrik 1990 peraturan-peraturan elektrik 1994 Akta 447, Akta Bekalan Elektrik 1990 (syarikat pengganti) Akta 448 :, 1995

PORTAL AKMAL
E-MEL JKDM
AKMAL2U
G-BAM
u-PUSTAKA